Statistiques concernant Pokedex régional de Galar (8G)

Cliquez ici pour prendre le quiz!

Statistiques générales

  • Ce quiz a été pris 98 fois
  • Le résultat moyen est 246 sur 400

Statistiques - réponses

°Nom% Correct
1Ouistempo
95%
4Flambino
93%
7Larmeleon
91%
21Minisange
91%
6Pyrobut
91%
23Corvaillus
89%
22Bleuseille
86%
13Chenipan
86%
14Chrysacier
86%
3Gorythmic
86%
9Lezargus
86%
182Miaouss
86%
15Papilusion
86%
24Rongourmand
86%
197Aquali
84%
196Evoli
84%
203Givrali
84%
200Mentali
84%
201Noctali
84%
204Nymphali
84%
202Phyllali
84%
194Pikachu
84%
199Pyroli
84%
195Raichu
84%
198Voltali
84%
46Voltoutou
84%
399Zamazenta
84%
334Galopa
82%
5Lapyro
82%
32Lineon
82%
34Moumouton
82%
333Ponyta
82%
2Badabouin
80%
11Coleodome
80%
400Ethernatos
80%
33Ixon
80%
184Persian
80%
193Pichu
80%
25Rongrigou
80%
30Roublenard
80%
378Salameche
80%
398Zacian
80%
31Zigzaton
80%
8Arrozard
77%
183Berserkatt
77%
380Dracaufeu
77%
29Goupilou
77%
10Larvadar
77%
145Leviator
77%
144Magicarpe
77%
254Melo
77%
256Melodelfe
77%
379Reptincel
77%
43Torgamord
77%
126Tournicoton
77%
71Arcanin
75%
12Astronelle
75%
218Canarticho
75%
70Caninos
75%
161Charbi
75%
69Feunard
75%
68Goupix
75%
255Melofee
75%
178Onix
75%
219Palarticho
75%
264Rhinocorne
75%
265Rhinoferos
75%
59Rozbouton
75%
311Salarsen
75%
250Smogo
75%
251Smogogo
75%
179Steelix
75%
236Corayon
73%
143Ectoplasma
73%
141Fantominus
73%
35Moumouflon
73%
266Rhinastoc
73%
261Ronflex
73%
60Roselia
73%
243Sorcilence
73%
142Spectrum
73%
127Blancoton
70%
52Croquine
70%
107Debugant
70%
369Dolman
70%
394Ekaiser
70%
383Embrylex
70%
47Fulgudog
70%
376Hydragon
70%
110Kapoera
70%
108Kicklee
70%
397Lanssorien
70%
138Machoc
70%
139Machopeur
70%
140Mackogneur
70%
364Mime Jr.
70%
365M. Mime
70%
36Nenupiot
70%
61Roserade
70%
54Sucreine
70%
310Toxizap
70%
327Tutafeh
70%
162Wagomine
70%
241Bibichut
68%
53Candine
68%
186Charmilly
68%
237Corayome
68%
387Diamat
68%
395Fantyrm
68%
374Galvagon
68%
39Grainipiot
68%
377Hydragla
68%
42Khelocrok
68%
37Lombre
68%
38Ludicolo
68%
366M. Glaquette
68%
153Milobellus
68%
146Poissirene
68%
147Poissoroy
68%
386Solochi
68%
388Trioxhydre
68%
109Tygnon
68%
385Tyranocif
68%
384Ymphect
68%
152Barpau
66%
392Bebecaille
66%
370Bekaglacon
66%
44Chacripan
66%
114Clic
66%
115Cliticlic
66%
185Cremy
66%
355Demanta
66%
393Ecaid
66%
180Embrochet
66%
375Galvagla
66%
122Gardevoir
66%
260Goinfrex
66%
121Kirlia
66%
45Leopardus
66%
361Lokhlass
66%
55Mystherbe
66%
56Ortide
66%
280Polagriffe
66%
279Polarhume
66%
160Scolocendre
66%
120Tarsal
66%
113Tic
66%
283Vostourno
66%
240Angoliath
64%
350Beldeneige
64%
242Chapotus
64%
211Cupcanaille
64%
368Darumacho
64%
312Dunaja
64%
371Duralugon
64%
332Exagide
64%
159Grillepattes
64%
16Larvibule
64%
18Lucanon
64%
271Meios
64%
373Metamorph
64%
391Muplodocus
64%
65Mygavolt
64%
270Nucleos
64%
40Pifeuil
64%
57Rafflesia
64%
175Rhinolove
64%
64Statitik
64%
210Sucroquin
64%
41Tengalice
64%
329Tutankafer
64%
328Tutetekri
64%
354Babimanta
61%
173Betochef
61%
97Blizzaroi
61%
96Blizzi
61%
174Chovsourir
61%
17Chrysapile
61%
367Darumarond
61%
28Deflaisan
61%
396Dispareptil
61%
349Frissonille
61%
281Furaiglon
61%
123Gallame
61%
89Golemastoc
61%
282Gueriaigle
61%
181Hastacuda
61%
19Hoothoot
61%
99Krabboss
61%
98Krabby
61%
330Monorpale
61%
163Monthracite
61%
389Mucuscule
61%
20Noarfang
61%
80Oniglali
61%
172Ouvrifier
61%
303Pachyradjah
61%
351Poulpaf
61%
362Seleroc
61%
363Solaroc
61%
72Sorbebe
61%
74Sorbouboul
61%
73Sorboul
61%
79Stalgamin
61%
272Symbios
61%
164Taupiqueur
61%
165Triopikeur
61%
284Vaututrice
61%
205Verpom
61%
177Bruyverne
59%
302Charibari
59%
171Charpenti
59%
223Coatox
59%
27Colombeau
59%
324Coupenotte
59%
222Cradopaud
59%
331Dimocles
59%
207Dratatin
59%
313Dunaconda
59%
212Fluvetin
59%
239Fourbelin
59%
170Gigalithe
59%
62Goelise
59%
238Grimalin
59%
88Gringolem
59%
58Joliflor
59%
226Limonde
59%
252Manzai
59%
268Mesmerella
59%
167Minotaupe
59%
81Momartik
59%
344Morpeko
59%
137Noctunoir
59%
26Poichigeon
59%
166Rototaupe
59%
230Sancoki
59%
253Simularbre
59%
135Skelenox
59%
176Sonistrelle
59%
136Teraclope
59%
259Togekiss
59%
257Togepi
59%
258Togetic
59%
326Tranchodon
59%
63Bekipan
57%
300Chartor
57%
95Chelours
57%
213Cocotine
57%
390Colimucus
57%
293Dimoret
57%
66Dynavolt
57%
67Elecsprint
57%
292Farfuret
57%
169Geolithe
57%
345Hexadron
57%
325Incisache
57%
248Judokrak
57%
249Karaclee
57%
352Krakos
57%
158Miasmax
57%
372Motisma
57%
90Munna
57%
295Mysdibule
57%
168Nodulithe
57%
94Nounourson
57%
112Pandarbare
57%
111Pandespiegle
57%
308Predasterie
57%
217Qulbutoke
57%
267Scrutella
57%
231Tritosor
57%
307Vorasterie
57%
317Aflamanoir
55%
133Batracne
55%
85Bourrinos
55%
103Colhomard
55%
134Crapustule
55%
286Drascore
55%
102Ecrapince
55%
287Funecire
55%
315Hippodocus
55%
314Hippopotas
55%
288Melancolux
55%
91Mushana
55%
216Okeoke
55%
285Rapion
55%
269Siderella
55%
340Spododo
55%
294Tenefix
55%
335Theffroi
55%
84Tiboudet
55%
132Tritonde
55%
225Baggaid
52%
224Baggiguane
52%
229Barbicha
52%
228Barloche
52%
320Brutalibre
52%
227Caratroc
52%
297Cryptero
52%
318Galvaran
52%
341Lampignon
52%
323Libegon
52%
157Miamiasme
52%
301Mimiqui
52%
306Moyade
52%
309Nigosier
52%
149Octillery
52%
206Pomdrapi
52%
48Sapereau
52%
233Sarmurai
52%
232Sovkipou
52%
305Viskuse
52%
356Wailmer
52%
357Wailord
52%
119Archeodong
50%
118Archeomire
50%
124Baudrive
50%
50Chinchidou
50%
49Excavarenne
50%
316Fermite
50%
342Gouroutan
50%
189Grindur
50%
125Grodrive
50%
321Kraknoix
50%
289Lugulabre
50%
190Noacier
50%
336Polthegeist
50%
343Quartermac
50%
148Remoraid
50%
359Seracrawl
50%
360Sinistrail
50%
322Vibraninf
50%
353Wattapik
50%
100Axoloto
48%
82Balbuto
48%
154Bargantua
48%
78Cadoizo
48%
76Cochignon
48%
87Crabaraque
48%
86Crabicoque
48%
339Desseliande
48%
155Froussardine
48%
358Grelacon
48%
319Iguolta
48%
83Kaorine
48%
299Lucario
48%
77Mammochon
48%
101Maraiste
48%
131Moufflair
48%
130Moufouette
48%
51Pashmilla
48%
298Riolu
48%
382Silvallie
48%
381Type:0
48%
347Boumata
45%
338Brocelome
45%
128Ceribou
45%
129Ceriflor
45%
346Draieul
45%
277Lewsor
45%
296Maracachi
45%
75Marcacrin
45%
92Natu
45%
278Neitram
45%
337Wimessir
45%
93Xatu
45%
192Banshitrouye
43%
273Carabing
43%
275Escargaume
43%
235Golgopathe
43%
274Lancargot
43%
245Malamandre
43%
234Opermine
43%
191Pitrouille
43%
188Rubombelle
43%
244Tritox
43%
117Apireine
41%
116Apitrini
41%
151Crustabri
41%
150Kokiyas
41%
276Limaspeed
41%
246Scalpion
41%
187Bombydou
39%
262Doudouvet
39%
263Farfaduvet
39%
221Lanturn
39%
105Ninjask
39%
304Qwilfish
39%
247Scalproie
39%
290Sepiatop
39%
291Sepiatroce
39%
215Tarenbulle
39%
214Araqua
36%
220Loupio
36%
106Munja
36%
104Ningale
36%
348Togedemaru
36%
156Concombaffe
32%
209Mistigrix
27%
208Psystigri
27%

Distribution des résultats

Percentile par nombre de réponses

% des personnes avec chaque résultat

Votre développement - résultats

Vous n’avez pas pris ce quiz